Writing’s On The Wall - Sam Smith - All Lyrics - Statistics

General Stats
  • This quiz has been taken 69 times
  • The average score is 246 of 298
Answer Stats
Answer % Correct
I
98%
on
98%
the
98%
The
98%
wall
98%
writing's
98%
a
96%
A
96%
here
96%
here,
96%
you,
96%
you
96%
be
93%
it
93%
to
93%
been
91%
before,
91%
I've
91%
I’ve
91%
my
91%
'Cause
89%
‘Cause
89%
do
89%
for
89%
For
89%
I'm
89%
When
89%
but
87%
But
87%
no
87%
all,
84%
all
84%
feel
84%
have
84%
If
84%
run
84%
and
82%
How
82%
is
82%
live?
82%
me
82%
me,
82%
not
82%
risk
82%
this
82%
This
82%
break
80%
fall?
80%
feeling
80%
in
80%
never
80%
somethin'
80%
through
80%
wanna
80%
you're
80%
always
78%
love
78%
suffocating
78%
breathe?
76%
could
76%
lifetime
76%
like
76%
shoot
76%
Tell
76%
that
76%
with
76%
blood
73%
day
73%
get
73%
make
73%
miss
73%
runnin'
73%
stay
73%
storm
73%
away
71%
comin'
71%
floor
71%
give
71%
makes
71%
more
71%
spent
71%
gonna
69%
there's
69%
prepared
67%
use
67%
hit
64%
million
64%
where
64%
up?
62%
gotta
60%
of
60%
past
60%
from
58%
face
53%
begin
51%
know
51%
light
51%
won't
51%
begins
47%
fade
47%
glass
47%
haunt
47%
afraid
44%
As
44%
shards
44%
shatter,
42%
gather
40%
stars
40%
hope
36%
Then
36%
No matching quizzes found
Score Distribution
Percent of People with Each Score
Percentile by Number Answered
Your Score History
You have not taken this quiz